| 000 | 00755nam a2200217 i 4500 | ||
|---|---|---|---|
| 001 | 184902 | ||
| 003 | ES-MaACL | ||
| 005 | 20250712032649.0 | ||
| 008 | 160218q1900 sp |||| | spa d | ||
| 080 | _a821.134.2-32"18" | ||
| 100 | 1 |
_aBlasco Ibáñez, Vicente, _d1867-1928 _929388 |
|
| 245 | 1 | 0 |
_aCuentos grises / _cVicente Blasco Ibáñez. |
| 260 |
_aValencia : _bLibrería de Aguilar, _c[ca. 1900] ( _fImp. de F. Vives) |
||
| 300 |
_a236 p. ; _c15 cm. |
||
| 490 | 1 |
_aBiblioteca selecta ; _v91 |
|
| 530 | _aDisponible en formato digital. | ||
| 830 | 1 |
_aBiblioteca selecta ; _v91 _9182888 |
|
| 852 |
_aES-MaACL _jG-15355 |
||
| 856 |
_uhttp://bdh-rd.bne.es/viewer.vm?id=0000200815&page=1 _zBiblioteca Digital Hispánica |
||
| 999 |
_c184902 _d184902 |
||